El paro (Record no. 122318)

MARC details
000 -LEADER
campo de control de longitud fija 00696nam a2200181 4500
001 - NÚMERO DE CONTROL
campo de control 122318
003 - IDENTIFICADOR DE NÚMERO DE CONTROL
campo de control ES-MaACL
005 - FECHA Y HORA DE LA ÚLTIMA TRANSACCIÓN
campo de control 20230906191943.0
007 - CAMPO FIJO DE DESCRIPCIÓN FÍSICA--INFORMACIÓN GENERAL
campo de control de longitud fija t|
008 - DATOS DE LONGITUD FIJA--INFORMACIÓN GENERAL
campo de control de longitud fija 070214s1981 sp r ||||1| spa d
100 1# - ENTRADA PRINCIPAL--NOMBRE DE PERSONA
Nombre de persona Prieto Escudero, Germán.
9 (RLIN) 93926
245 13 - MENCIÓN DEL TÍTULO
Título El paro
Resto del título : sus causas y sus remedios /
Mención de responsabilidad, etc. Germán Prieto Escudero.
260 ## - PUBLICACIÓN, DISTRIBUCIÓN, ETC.
Lugar de publicación, distribución, etc. Madrid :
Nombre del editor, distribuidor, etc. [Real Academia de Ciencias Morales y Políticas],
Fecha de publicación, distribución, etc. 1981.
300 ## - DESCRIPCIÓN FÍSICA
Extensión 194 p. ;
Dimensiones 24 cm.
500 ## - NOTA GENERAL
Nota general Memoria premiada por la Real Academia de Ciencias Morales y Políticas en el concurso ordinario de 1977 a 1979.
710 2# - ENTRADA AGREGADA--NOMBRE DE ENTIDAD CORPORATIVA
Nombre de entidad corporativa o nombre de jurisdicción como elemento de entrada Real Academia de Ciencias Morales y Políticas (España)
9 (RLIN) 6299
852 ## - LOCALIZACIÓN
Ubicación ES-MaACL
Número de control de estantería L-7093
Sublocalización o colección R.108094
Holdings
Estatus retirado Estado de pérdida Estado de daño No para préstamo Biblioteca de origen Biblioteca actual Ubicación en estantería Fecha de adquisición Fuente de adquisición Total de préstamos Signatura topográfica completa Código de barras Visto por última vez Precio de reemplazo Tipo de ítem Koha
        Biblioteca del Ateneo de Madrid Biblioteca del Ateneo de Madrid Depósito 2 17/01/2008     L-7093 1127462 23/02/2023 23/02/2023 Libro impreso